00773nam a2200193Ia 450000500170000000800460001703700120006304000210007504100130009608400230010910000180013224501930015026000490034330000100039270000270040294200230042999900210045295201060047320250508150615.0008 250505s9999 xx 000 0 eng d aTextual aFEDL bengcFEDL aeng2eng a371.333, WRIqFEDL aWright Walter 0aPublic speaking and broad casting : The technique of writing and bradcasting radio talks with notes on its application to other forms of public speaking and with reprints of actual scripts aWashington, USAbLittlebury and Company Ltd. a103p. a Edgar Percy F9757180 cTEXLh371.333, WRI c1324550d1324550 00104070aFEDLbFEDLd2025-05-08l0o371.333, WRIpEL0003776r2025-05-08 15:06:15w2025-05-08yTEXL